|
|
|
แสดงรายละเอียดบรรณานุกรม |
|
|
Brief Record
: Get Marc (ISO 2709)
: E-mail record
: |
|
|
| LEADER 00000nam 2200000uu 4500 | |||
| 001 49105 | |||
| 003 ULIBM | |||
| 008 160712s||||||||th 000 0 tha d | |||
| 020 ^a9780194229678 | |||
| 082 0 ^aFic^bM-C | |||
| 100 0 ^aMarryat, Captain | |||
| 245 00 ^aThe children of the new forest | |||
| 250 ^aพิมพ์ครั้งที่ 2 | |||
| 260 ^aHongKong:^bOxford University,^c2000 | |||
| 300 ^a56 หน้า:^bภาพประกอบ | |||
| 999 ^awallapa yawinan | |||
| คุณยังไม่ได้ล็อกอิน คุณสามารถมีกิจกรรมร่วมกับเว็บไซต์ได้ แต่ต้องล็อกอินก่อน :: |
|
| สถานะ | |||||||||
| 1. | หนังสือ | Fic M-C c.1 Barcode: 078821 | ►นวนิยาย | On Shelf ขอยืม | |||||
| [แสดง 1/1 รายการ] | |||||||||

| รายการใกล้เคียง ชื่อเรื่อง [The children of the new forest] ผู้แต่ง [Marryat, Captain] |
BibComment |
| คอมเมนท์ทรัพยากรรายการนี้ |
|
|
ห้องสมุดโรงเรียนสามัคคีวิทยาคม
159 ถ.บรรพปราการ ต.เวียง อ.เมือง จ.เชียงราย 57000
โทร. 053-711018 โทรสาร 053-713003